| 000 | 01103cam a2200289 i 4500 | ||
|---|---|---|---|
| 003 | SA-RiAUC | ||
| 005 | 20241207105834.0 | ||
| 008 | 241205s1980 su g 0000i ara c | ||
| 040 |
_aSA-RiAUC _bara _cSA-RiAUC _erda |
||
| 050 | 4 | _bI43 1980 | |
| 082 | 0 | 4 |
_a081 _qSA-RiAUC |
| 090 |
_a081 _bش ح ا |
||
| 100 | 1 |
_aشحاتة، حمزة محمد نور، _d1328-1393 هجري _eمؤلف. |
|
| 245 | 1 | 0 |
_aإلى ابنتي شيرين / _cحمزة محمد نور شحاتة. |
| 250 | _aالطبعة الأولى. | ||
| 264 | 1 |
_aجدة، السعودية : _bتهامة، _c1980 |
|
| 300 |
_aأ-د، 216 صفحة ؛ _c23 سم. |
||
| 336 |
_aنص _btxt _2rdacontent _3كتاب |
||
| 337 |
_aبدون وسيط _bn _2rdamedia |
||
| 338 |
_aمجلد _bnc _2rdacarrier |
||
| 440 | 2 |
_aالكتاب العربي السعودي _v12 |
|
| 600 | _aالمقالات العربية | ||
| 650 | 7 |
_aالرسائل العربية _zالسعودية _yقرن 14 هجري _2aucsh |
|
| 830 | 2 |
_aالكتاب العربي السعودي _v12 |
|
| 942 |
_2ddc _cBOOK _n0 |
||
| 949 |
_aSA-JeALM _d241205 _uosman123 _n1 |
||
| 999 |
_c3089 _d3089 |
||